Santa María Tonantzin, Virgen de Guadalupe: (Registro nro. 14615)

Detalles MARC
000 -LIDER
fixed length control field 01399nam a2200361 a 4500
001 - NÚMERO DE CONTROL
Identificador de número de control
003 - IDENTIFICACDOR DE NÚMERO DE CONTROL
control field DO-SdBNP
005 - DATE AND TIME OF LATEST TRANSACTION
control field 20240322133909.0
007 - CAMPOS FIJOS DE DESCRIPCIÓN FÍSICA
fixed length control field 000045356
008 - ELEMENTOS DE LONGITUD FIJA
fixed length control field 150305s2013 mx ac 001 0 spa d
020 ## - ISBN
International Standard Book Number 9789681645366
040 ## - FUENTE DE CATALOGACIÓN
Agencia que crea de manera original el registro BPMSU
Idioma de catalogación spa
Agencia que realiza la transcripción BPMSU
082 #4 - NÚMERO DE CLASIFICACIÓN DECIMAL DE DEWEY
Classification number 232.910972
Item number N359s 2013
Edition number 22
100 1# - ASIENTO PRINCIPAL -- NOMBRE PERSONAL
Nombre personal Nebel, Richard
245 10 - MENCIÓN DE TITULO
Título Santa María Tonantzin, Virgen de Guadalupe:
Subtítulo continuidad y transformación religiosa en México /
Mención de responsabilidad Richard Nebel ; traducción del alemán por Carlos Warnholtz Bustillos, con la colaboración de Irma Ochoa de Nebel.
260 ## - PUBLICACIÓN, DISTRIBUCIÓN, ETC. (PIE DE IMPRENTA)
Lugar de publicación, distribución, etc México :
Nombre del editor, distribuidor, etc. Fondo de Cultura Económica,
Fecha de publicación, distribución, etc 2013
300 ## - DESCRIPCIÓN FÍSICA
Extensión 445 p. :
Otros detalles físicos il., retrs. ;
Dimensiones 25 cm.
490 0# - MENCIÓN DE SERIES
Materiales especificados Sección de obras de historia
500 ## - NOTA GENERAL
Nota general Incluye referencias bibliográficas y notas al pie de páginas
500 ## - NOTA GENERAL
Nota general Incluye índice
500 ## - NOTA GENERAL
Nota general
500 ## - NOTA GENERAL
Nota general
504 ## - NOTA DE BIBLIOGRAFÍA, ETC.
Bibliography, etc Bibliografía p: 369-411
534 ## - NOTA SOBRE LA VERSIÓN ORIGINAL
Frase introductoria Título original :
Mención del título original Santa María Tonantzin Virgen de Guadalupé. : religiöse Kontinuität und Transformation in Mexiko
590 ## - NOTA LOCAL
Texto de la nota local Inventariado, 2024/VM
Enlace
600 ## - ENCABEZAMIENTO DE MATERIA--NOMBRE PERSONAL
Nombre personal Virgen de Guadalupe
Subdivisión temática general Culto
Subdivisión geográfica
650 #4 - ENCABEZAMIENTO DE MATERIA--TEMÁTICO
Término temático o nombre geográfico como elemento de entrada Iglesia católica
Subdivisión geográfica México
Subdivisión temática general Historia
651 ## - ENCABEZAMIENTO DE MATERIA--NOMBRE GEOGRÁFICO
Fuente del encabezamiento o término
700 1# - ASIENTO SECUNDARIO -- NOMBRE PERSONAL
Nombre personal Warnholtz Bustillos, Carlos
Mención de responsabilidad traductor
710 2# - ASIENTO SECUNDARIO -- NOMBRE CORPORATIVO
Nombre corporativo o de jurisdicción Fondo de Cultura Económica (México)
910 ## - VALIDACIÓN
Validación VMateo V. Control de calidad. BPMSU
942 ## - ADDED ENTRY ELEMENTS (KOHA)
Source of classification or shelving scheme Dewey Decimal Classification
Koha item type Libros
Existencias
Withdrawn status Lost status Source of classification or shelving scheme Damaged status Not for loan Collection code Home library Current library Date acquired Source of acquisition Total Checkouts Full call number Barcode Date last seen Price effective from Koha item type
    Dewey Decimal Classification     Colección General Biblioteca Pública Metropolitana Salomé Ureña Biblioteca Pública Metropolitana Salomé Ureña 03/22/2024 Fondo de Cultura Económica   BPMSU CG 232.910972 N359s 2013 BPMSU24030077 03/22/2024 03/22/2024 Libros